2 Borders 1 Country II Quiz Stats

 Plays Quiz Updated Apr 28, 2018

Challenge
Share
Tweet
Embed
Score 0/18 Timer 05:00
0 Plays Today
Border 1 Country % Correct
PortugalSpain
94.1%
UruguayBrazil
93.2%
KazakhstanChina
87.5%
BulgariaTurkey
87.1%
MauritaniaAlgeria
84.8%
RussiaPoland
83.9%
SwitzerlandAustria
83.9%
OmanSaudi Arabia
83.5%
MalaysiaIndonesia
82.2%
Border 1 Country % Correct
HondurasNicaragua
78.8%
AngolaNamibia
77.8%
SloveniaHungary
77.6%
LaosMyanmar
76.4%
MontenegroSerbia
76.2%
ArmeniaIran
76.1%
Republic of the CongoCentral African Republic
68.7%
UgandaTanzania
68.6%
BeninNigeria
68%

You're not logged in!

Compare scores with friends on all Sporcle quizzes.
OR
Log In

You Might Also Like...

Show Comments

Extras

Top Quizzes Today


Score Distribution

Your Account Isn't Verified!

In order to create a playlist on Sporcle, you need to verify the email address you used during registration. Go to your Sporcle Settings to finish the process.

Report this User

Report this user for behavior that violates our Community Guidelines.

Details: